000 00981nam0a22002531 4500
001 rc\1127343
005 20260407085221.0
035 _a(NLR Aleph) 006369364
090 _a4981172
_c4981172
100 _a20041126d1981 |||y0rusy50 ca
101 0 _arus
102 _aRU
105 _ay |||||||||
200 1 _aЭфиопские исследования
_eИстория. Культура
_e[Сб. статей]
_fАН СССР, Ин-т Африки
_g[Редкол.: Ан.А. Громыко (отв. ред.) и др.]
210 _aМ.
_cНаука
_d1981
215 _a168 с.
_d21
320 _aБиблиогр. в конце статей
702 1 _4340
_7ca
_8rus
_aГромыко
_bА. А.
_f1932-2017
_gАнатолий Андреевич
_92648287
_3RU\NLR\AUTH\770276320
712 0 2 _aИнститут Африки
_cМосква
_3RU\NLR\AUTH\8813199
_9299427
801 0 _aRU
_bNLR
_gpsbo
801 1 _aRU
_bELAR
_2rusmarc
852 _aNLR
_j82-5/1979
942 _cBOOK
980 _aNB